Microbiología de los alimentos y sus procesos de elaboración /
Guardado en:
| Autor Principal: | |
|---|---|
| Otros Autores: | , |
| Formato: | Libro |
| Idioma: | Spanish English |
| Publicado: |
Zaragoza :
Acribia,
1978.
|
| Materias: | |
| Etiquetas: |
Agregar Etiqueta
Sin Etiquetas, Sea el primero en etiquetar este registro!
|
| LEADER | 00984nam a22002655a 4500 | ||
|---|---|---|---|
| 001 | EIQ.libpla002309 | ||
| 008 | 070523s1978####sp#ao####b####001#0#spa#d | ||
| 005 | 20070523183944.0 | ||
| 245 | 1 | 0 | |a Microbiología de los alimentos y sus procesos de elaboración / |c John T. Nickerson, Anthony J. Sinskey ; traducido por José Tormo Iguacel. |
| 260 | |a Zaragoza : |b Acribia, |c 1978. | ||
| 300 | |a 278 p. : |b il., fotos ; |c 24 cm. | ||
| 504 | |a Incluye referencias bibliográficas e índice. | ||
| 500 | |a título original: Microbiology of Foods and Food processing. | ||
| 020 | |a 8420003972 | ||
| 100 | 1 | |a Nickerson, John T. | |
| 700 | 1 | |a Sinskey, Anthony J. | |
| 700 | 1 | |a Tormo Iguacel, José, |e tr. |4 trl | |
| 650 | 4 | |a Alimentos |x Microbiología. | |
| 650 | 4 | |a Alimentos |x Análisis. | |
| 650 | 4 | |a Alimentos |x Preservación. | |
| 650 | 4 | |a Food |x Microbiology. | |
| 650 | 4 | |a Food |x Analysis. | |
| 650 | 4 | |a Food |x Preservation. | |
| 041 | 1 | |a spa |h eng | |
| 859 | |a AR-BbSID |b BIB. PLAPIQUI |h 664.028 |i N 55 |p 1522 | ||
